[Event "Dueville op-A 1st"]
[Site "Dueville"]
[Date "2023.06.04"]
[Round "5"]
[White "Canella, Jacopo"]
[Black "Maniero, Andrea"]
[Result "1-0"]
[WhiteElo "1991"]
[BlackElo "1846"]
[PlyCount "117"]
[EventDate "2023.06.01"]
[EventType "swiss"]
[EventRounds "5"]
[EventCountry "ITA"]
[SourceTitle "EXT 2024"]
[Source "ChessBase"]
[SourceDate "2023.10.10"]
[SourceVersion "1"]
[SourceVersionDate "2023.10.10"]
[SourceQuality "1"]

1. d4 c5 2. d5 Nf6 3. c4 b5 4. Qc2 bxc4 5. e4 d6 6. f4 g6 7. Bxc4 Bg7 8. Nc3 0-0 9. Nf3 Nbd7 10. Qe2 Nb6 11. Bd3 e6 12. dxe6 fxe6 13. e5 Nfd5 14. Nxd5 exd5 15. Be3 Bg4 16. 0-0 Qe7 17. Rac1 d4 18. Bd2 d5 19. b3 a5 20. a4 Rfc8 21. Bb5 Qe6 22. Qd3 Bxf3 23. Rxf3 Qf5 24. Qxf5 gxf5 25. Bd3 c4 26. Bxf5 Rc6 27. Be1 Bf8 28. Bf2 Ba3 29. Rc2 Bc5 30. bxc4 dxc4 31. Be4 d3 32. Bxd3 cxd3 33. Rxc5 Rd8 34. Rxd3 Rxd3 35. Rxc6 Rd1+ 36. Be1 Rxe1+ 37. Kf2 Rb1 38. Rc5 Rb4 39. Kf3 Rxa4 40. f5 h5 41. Rb5 Nc4 42. Rb8+ Kf7 43. Kf4 Nb6+ 44. Kg5 Nd5 45. Rb7+ Ke8 46. f6 Rb4 47. Ra7 a4 48. Kg6 Rg4+ 49. Kf5 Ne3+ 50. Ke6 Kd8 51. Rg7 Rb4 52. Rg8+ Kc7 53. Ra8 Rb6+ 54. Kf7 Ng4 55. Ra5 Rb7 56. Kg6 a3 57. f7 Nxe5+ 58. Rxe5 a2 59. Ra5 1-0

[Event "Dueville op-A 1st"]
[Site "Dueville"]
[Date "2023.06.03"]
[Round "2"]
[White "Bergamaschi, Elia"]
[Black "Maniero, Andrea"]
[Result "1-0"]
[WhiteElo "1937"]
[BlackElo "1846"]
[PlyCount "95"]
[EventDate "2023.06.01"]
[EventType "swiss"]
[EventRounds "5"]
[EventCountry "ITA"]
[SourceTitle "EXT 2024"]
[Source "ChessBase"]
[SourceDate "2023.10.10"]
[SourceVersion "1"]
[SourceVersionDate "2023.10.10"]
[SourceQuality "1"]

1. Nf3 c5 2. g3 b6 3. Bg2 Bb7 4. c4 e6 5. Nc3 Nf6 6. e3 Be7 7. 0-0 0-0 8. b3 d5 9. d3 Nc6 10. Qe2 d4 11. exd4 Nxd4 12. Nxd4 Bxg2 13. Kxg2 cxd4 14. Ne4 Nxe4 15. Qxe4 Bf6 16. Bd2 Rc8 17. b4 Qd7 18. a4 Qc6 19. Qxc6 Rxc6 20. a5 Be7 21. axb6 axb6 22. Ra6 e5 23. f3 Re6 24. Rc1 Rc8 25. g4 h6 26. Re1 Bg5 27. f4 Bxf4 28. Bxf4 exf4 29. Rxe6 fxe6 30. Rxb6 Kf7 31. Rb7+ Kf6 32. Ra7 g6 33. Kf3 g5 34. Ke4 h5 35. h3 hxg4 36. hxg4 Rh8 37. b5 Rh1 38. b6 Re1+ 39. Kxd4 e5+ 40. Kc5 f3 41. Ra2 e4 42. dxe4 Ke5 43. b7 Rb1 44. Kc6 Kxe4 45. Kc7 Kf4 46. b8Q Rxb8 47. Kxb8 Kxg4 48. c5 1-0

[Event "Chioggia op-B 11th"]
[Site "Chioggia"]
[Date "2016.10.07"]
[Round "1"]
[White "Maniero, Andrea"]
[Black "Haidacher, Gerold"]
[Result "1-0"]
[WhiteElo "1897"]
[BlackElo "1748"]
[PlyCount "113"]
[EventDate "2016.10.07"]
[EventType "swiss"]
[EventRounds "5"]
[EventCountry "ITA"]
[SourceTitle "EXT 2022"]
[Source "ChessBase"]
[SourceDate "2021.10.06"]
[SourceVersion "1"]
[SourceVersionDate "2021.10.06"]
[SourceQuality "1"]

1. f4 d5 2. Nf3 Nf6 3. e3 e6 4. b3 c5 5. Bb2 Be7 6. Be2 0-0 7. 0-0 Nc6 8. Ne5 Bd7 9. d3 Ne8 10. Nd2 f6 11. Nxd7 Qxd7 12. e4 Rd8 13. e5 fxe5 14. fxe5 Bg5 15. Rxf8+ Kxf8 16. Bg4 g6 17. Qe2 Kg8 18. Nf3 Bh6 19. Rf1 Ng7 20. d4 cxd4 21. Nxd4 Nxd4 22. Bxd4 b6 23. h4 Nf5 24. Bxf5 gxf5 25. Qh5 Qg7 26. g4 Qg6 27. Qxg6+ hxg6 28. h5 Kg7 29. Kg2 f4 30. hxg6 Kxg6 31. Kf3 Rc8 32. Rf2 Bg5 33. Rh2 b5 34. c3 a5 35. a3 Bh6 36. Rh1 Bg5 37. b4 a4 38. Ke2 Rf8 39. Rh3 f3+ 40. Rxf3 Rxf3 41. Kxf3 Bc1 42. Ke2 Kg5 43. Be3+ Bxe3 44. Kxe3 Kxg4 45. Kd3 Kf4 46. Kd4 Kf5 47. Kc5 Kxe5 48. Kxb5 Kd6 49. Kxa4 e5 50. Kb3 e4 51. a4 Kc6 52. Kc2 Kb6 53. Kd2 Kc6 54. Ke3 Kb6 55. c4 Kc6 56. cxd5+ Kxd5 57. a5 1-0